000 00798cab a2200205 4500
001 WB2627-04
008 090401t1990 xxu||||| |||| 00| 0 eng d
035 _a(Sirsi) u9369
041 _aeng
245 _aDetermination of completion date
260 _c1990
350 _a0
490 _aEGCS
_v1990 87
520 _aRosehaugh Stanhope (Broadgate Phase 6) plc and another v Redpath Dorman Long Ltd CA 26 June 1990. The appeal was allowed that with the contractor `s denial of the breach of contractual obligation to complete by specified dates and the construction manager`s inability to prove this, the construction manager `s determination of damage liability is not binding.
650 _aDAMAGES
650 _aDELAY
690 _aBUILT ENVIRONMENT
942 _n0
948 _c04/03/1997
999 _c5841
_d5841